Formulación de estrategias para el fortalecimiento de la gestión administrativa en el restaurante Asados El Patio
Presenta la Formulación de estrategias para el fortalecimiento de la gestión administrativa en el restaurante Asados El Patio, se realizó un diagnóstico de la situación actual de la gestión administrativa del restaurante y se definieron las estrategias para el fortalecimiento de la gestión ad...
| Main Authors: | , , |
|---|---|
| Other Authors: | |
| Format: | Tesis Section = Libro |
| Language: | Undetermined Spanish |
| Published: |
Managua
UNI
2014
|
| Subjects: |
| LEADER | 01325nam a2200289Ia 4500 | ||
|---|---|---|---|
| 008 | 240830s9999 xx 000 0 und d | ||
| 040 | |a BIBLIOTECA-RUPAP Mon 658.4012 M324 | ||
| 041 | |a spa | ||
| 082 | |a Mon 658.4012 M324 | ||
| 100 | 1 | |a Marenco Downs, Katharine Fabiola | |
| 100 | 1 | |b Mercado Putoy, Angélica Margot | |
| 100 | 1 | |c Vega Hernández, Dary Maricela | |
| 245 | 1 | 0 | |a Formulación de estrategias para el fortalecimiento de la gestión administrativa en el restaurante Asados El Patio |
| 260 | |a Managua |b UNI |c 2014 | ||
| 300 | |a 100 p. :il. | ||
| 500 | |a Contiene: anexos e Incluye: CD. | ||
| 502 | |a Tesis (Ingeniero de Sistemas)- UNI, 2014. | ||
| 520 | 3 | |a Presenta la Formulación de estrategias para el fortalecimiento de la gestión administrativa en el restaurante Asados El Patio, se realizó un diagnóstico de la situación actual de la gestión administrativa del restaurante y se definieron las estrategias para el fortalecimiento de la gestión administrativa. | |
| 650 | 7 | |a ADMINISTRACION ESTRATEGICA | |
| 650 | 7 | |b ESTRATEGIA EMPRESARIAL | |
| 650 | 7 | |c HABILIDADES EJECUTIVAS | |
| 650 | 7 | |d DESARROLLO ORGANIZACIONAL | |
| 650 | 7 | |e MEGOCIO – ADMINISTRACION DE RECURSOS HUMANOS | |
| 700 | 1 | |a Tutor: |b Orozco Miranda, Hazzely del Carmen | |
| 942 | |c BK |2 ddc | ||
| 991 | |a TESIS | ||
| 999 | |c 17211 | ||